00548nam a2200169Ia 4500008004000000020001800040082001700058100001900075245003400094260004100128300001200169650002200181690002000203906001100223999001700234952012700251210210b1989 xxu||||| |||| 00| 0 eng d a0 471 50355 X a658.562 BANP aBANKS (Jerry). aPrinciples of quality control aNew York.bJohn Wiley and Sonsc1989 axxx,634 aQuality Control  aQuality Control a050637 c99336d99336 001040708ManagementaALbALcManagementd2021-02-17g0.00l0o658.562 BANPp050637r2021-02-17 00:00:00w2021-02-17yBK